00000000nam##2200000za#4500
0019.628617
003CaOODSP
00520210615105913
007ta
008150406|2009||||xxc|||||     f|0| 0 fre|d
022 |a0706-6589
040 |aCaOODSP|bfre
043 |an-cn---
0861 |aFs97-4/2906F
1101 |aCanada. |bMinistère des pêches et des océans.
24510|aRésumé d'un sondage mené auprès de propriétaires de jardins d'eau au Canada / |cpar D. Marson ...[et al.].
260 |aBurlington - Ontario : |bPêches et Océans Canada |c2009.
300 |avi, 31p. : |bfigures, graphiques, cartes, références, tableau ; |c28 cm.
4901 |aRapport manuscrit canadien des sciences halieutiques et aquatiques|x0706-6589|vN° 2906
500 |a"Pêches et Océans Canada, Centre d'expertise pour l'analyse des risques aquatiques, C.P. 5050, 867, chemin Lakeshore, Burlington (Ontario) L7R 4A6".
5203 |aAfin de déterminer l’origine et le sort des espèces aquatiques envahissantes (EAE) dans le commerce des espèces destinées aux jardin d’eau, la Fédération des pêcheurs et chasseurs de l’Ontario, de pair avec d’autres organismes partenaires, a mené un gran sondage canadien sur les jardins d’eau à l’aide d’un questionnaire en ligne et sur papier.
546 |a(Abstract in English)
563 |aReliure à spirale
590 |a10-27|b2010-07-09
7201 |aMarson, D.
77508|tSummary of a survey of water garden owners in Canada / |w(CaOODSP)9.619735
7760#|tRésumé d'un sondage mené auprès de propriétaires de jardins d'eau au Canada / |w(CaOODSP)9.607267
830#0|aRapport manuscrit canadien des sciences halieutiques et aquatiques,|x0706-6589|vN° 2906|w(CaOODSP)9.513050